Centre to link scientists, farmers and industry (Record no. 73852)

MARC details
000 -LEADER
fixed length control field 01081cam a2200217 4500
001 - CONTROL NUMBER
control field WB3945-13
008 - FIXED-LENGTH DATA ELEMENTS--GENERAL INFORMATION
fixed length control field 031125n2003 000 0 eng u
035 ## - SYSTEM CONTROL NUMBER
System control number (Sirsi) u124463
245 ## - TITLE STATEMENT
Title Centre to link scientists, farmers and industry
260 ## - PUBLICATION, DISTRIBUTION, ETC.
Date of publication, distribution, etc. 2003
490 ## - SERIES STATEMENT
Series statement DEFRA News Release
Volume/sequential designation (491/03) 24 November 2003, (3)
520 ## - SUMMARY, ETC.
Summary, etc. The National Non-Food Crops Centre is launched today. This will raise awareness among scientists, industry and farmers of the emerging non-food uses of crops as a database is provided of non-food crop products and technologies. It will disseminate scientific and technological information as widely as possible to raise the profile of non-food crops. For the DEFRA News Release: http://www.gnn.gov.uk/gnn/national.nsf/Daily+News/BA3A06FA113FB13280256DE800423D02?opendocument
590 ## - LOCAL NOTE (RLIN)
Local note WB
650 ## - SUBJECT ADDED ENTRY--TOPICAL TERM
Topical term or geographic name entry element NATIONAL NON-FOOD CROPS CENTRE
650 ## - SUBJECT ADDED ENTRY--TOPICAL TERM
Topical term or geographic name entry element NON-FOOD CROPS
650 ## - SUBJECT ADDED ENTRY--TOPICAL TERM
Topical term or geographic name entry element COMMON AGRICULTURAL POLICY
650 ## - SUBJECT ADDED ENTRY--TOPICAL TERM
Topical term or geographic name entry element CROP DIVERSITY
650 ## - SUBJECT ADDED ENTRY--TOPICAL TERM
Topical term or geographic name entry element SUSTAINABLE DEVELOPMENT
690 ## - LOCAL SUBJECT ADDED ENTRY--TOPICAL TERM (OCLC, RLIN)
Topical term or geographic name as entry element RURAL-AGRICULTURE AND FORESTRY
942 ## - ADDED ENTRY ELEMENTS (KOHA)
Suppress in OPAC 0
Holdings
Withdrawn status Lost status Source of classification or shelving scheme Damaged status Not for loan Home library Current library Shelving location Date acquired Total Checkouts Full call number Barcode Date last seen Copy number Price effective from Koha item type
    Dewey Decimal Classification     London London News article 25/11/2003   WB3945-13 124463-1001 06/08/2019 1 06/08/2019 News article